Solution focused therapy.

Dr. Tina Rae, a Senior Lecturer at the University of East London, focuses on the benefits of Solution-Focused Brief Therapy as it is applied with children and young people. She elaborates on the importance of this constructionist approach for teachers and counsellors.

Bibliographic Details
Format: Video
Language:English
Language Notes:Closed-captions in English.
Published: London, UK : SAGE Publications Ltd., 2015.
Series:SAGE video tutorials.
Subjects:
Online Access:Connect to this streaming video

MARC

Tag First Indicator Second Indicator Subfields
LEADER 00000cgm a2200000 i 4500
001 in00003755437
005 20190412191557.0
006 m|||||o||c||||||||
007 vz |za|||
007 cr |za||||||||
008 150526s2015 enk||| f |o v|eng|d
020 |a 9781473928787 (streaming video) :  |c No price 
035 |a (StDuBDS)EDZ0001163551 
040 |a StDuBDS  |b eng  |e rda  |c StDuBDS  |e pn  |d UtOrBLW 
041 0 |j eng 
050 4 |a LB1027.55 
082 0 4 |a 371.46  |2 23 
245 0 0 |a Solution focused therapy. 
264 1 |a London, UK :  |b SAGE Publications Ltd.,  |c 2015. 
300 |a 1 online resource (1 video file (9 min., 47 sec.)) :  |b sound, color. 
336 |a two-dimensional moving image  |b tdi  |2 rdacontent 
337 |a computer  |b c  |2 rdamedia 
338 |a online resource  |b cr  |2 rdacarrier 
490 1 |a SAGE video tutorials 
511 0 |a Presenter, Tina Rae Ph.D. 
520 8 |a Dr. Tina Rae, a Senior Lecturer at the University of East London, focuses on the benefits of Solution-Focused Brief Therapy as it is applied with children and young people. She elaborates on the importance of this constructionist approach for teachers and counsellors. 
521 |a Specialized. 
546 |a Closed-captions in English. 
588 |a Description based on online resource; title from home page (viewed on June 9, 2015). 
650 0 |a Solution-focused brief therapy.  |0 http://id.loc.gov/authorities/subjects/sh98005734 
650 0 |a Solution-focused therapy for children.  |0 http://id.loc.gov/authorities/subjects/sh97000459 
655 7 |a Nonfiction television programs.  |2 lcgft  |0 http://id.loc.gov/authorities/genreForms/gf2011026425 
655 7 |a Internet videos.  |2 lcgft  |0 http://id.loc.gov/authorities/genreForms/gf2011026337 
700 1 |a Rae, Tina,  |e on-screen presenter.  |0 http://id.loc.gov/authorities/names/nb99058240 
830 0 |a SAGE video tutorials. 
856 4 0 |u http://proxy.library.tamu.edu/login?url=http://sk.sagepub.com/video/solution-focused-therapy  |z Connect to this streaming video  |t 0 
999 f f |s b72f99c2-be6a-3a80-a6c5-46ac3d81d1e5  |i aa37c243-dd8c-3e9b-bd79-6607e52d22e3  |t 0 
952 f f |a Texas A&M University  |b College Station  |c Electronic Resources  |d Available Online  |t 0  |e LB1027.55  |h Library of Congress classification 
998 f f |a LB1027.55  |t 0  |l Available Online